| 000 | 01594nam2a22003131 4500 | ||
|---|---|---|---|
| 001 | v19\rc\1444937 | ||
| 005 | 20250618194959.0 | ||
| 035 | _a(NLR Aleph) 004684770 | ||
| 090 |
_a3855542 _c3855542 |
||
| 100 | _a20060620d1873 |||y0rusy50 ca | ||
| 101 | 0 | _arus | |
| 102 | _aRU | ||
| 105 | _ay z ||||| | ||
| 200 | 1 | _a... Амоса и Авдия | |
| 210 |
_d1873 _aБ. м. |
||
| 215 | _a176 с. разд. паг. | ||
| 461 | 0 |
_1001v19\rc\1444935 _12001#$aТолкование на св. пророков ...$eСост. по текстам: евр., греч. (LXX) и латин., по учению отцев и учителей св. церкви, Палладий епископ Сарапульский. Вып. 1-$vВып. 2 _1700#0$aПалладий$cПьянков, Павел$f1816-1882$4220$9z01790 _93855520 _aПалладий (Пьянков, Павел ; 1816-1882) _cВятка _d1872-1876 _nпеч. А.А. Красовского _oСост. по текстам: евр., греч. (LXX) и латин., по учению отцев и учителей св. церкви, Палладий епископ Сарапульский. Вып. 1- _tТолкование на св. пророков ... _vВып. 2 |
|
| 532 | 1 | 3 | _aАмоса и Авдия |
| 702 | 0 |
_aАмос _cбибл. пророк _4570 |
|
| 702 | 0 |
_aАвдий _cпророк _4570 |
|
| 801 | 0 |
_aRU _bNLR _gpsbo |
|
| 801 | 0 |
_aRU _bRuMoRGB _2psbo |
|
| 801 | 1 |
_aRU _bProSoft-M _2rusmarc |
|
| 852 |
_aNLR _jDesideratum |
||
| 899 | _aГПИБ | ||
| 899 |
_aRuMoRGB _jD 21/204 |
||
| 899 | _aБАН | ||
| 942 | _cBOOK | ||
| 980 | _aNB | ||